Government accounting and accounting for non-profit organization : (Record no. 364110)
[ view plain ]
| 000 -LEADER | |
|---|---|
| fixed length control field | 00572nam a2200121Ia 4500 |
| 008 - FIXED-LENGTH DATA ELEMENTS--GENERAL INFORMATION | |
| fixed length control field | 200908s9999 xx 000 0 und d |
| 020 ## - INTERNATIONAL STANDARD BOOK NUMBER | |
| International Standard Book Number | 978-621-8029-15-6 |
| 100 ## - MAIN ENTRY--PERSONAL NAME | |
| Personal name | Millan, Zeus Vernon B. |
| 245 ## - TITLE STATEMENT | |
| Statement of responsibility, etc | Zeus Vernon B. Milan.-- |
| Title | Government accounting and accounting for non-profit organization : |
| Remainder of title | Based on government accounting manual for national government agencies (GAM for NGAs) & Philippine financial reporting standards (PFRSs) / |
| 260 ## - PUBLICATION, DISTRIBUTION, ETC. (IMPRINT) | |
| Place of publication, distribution, etc | Baguio City : |
| Name of publisher, distributor, etc | Bandolin Enterprise |
| Date of publication, distribution, etc | 2018 |
| 300 ## - PHYSICAL DESCRIPTION | |
| Extent | x , 483 pages : |
| Other physical details | illustration ; |
| Dimensions | 22 cm. |
| 650 ## - SUBJECT ADDED ENTRY--TOPICAL TERM | |
| Topical term or geographic name as entry element | Accounting. |
| Withdrawn status | Lost status | Damaged status | Home library | Current library | Shelving location | Date acquired | Source of acquisition | Total Checkouts | Total Renewals | Full call number | Barcode | Date last seen | Date checked out | Price effective from | Koha item type |
|---|---|---|---|---|---|---|---|---|---|---|---|---|---|---|---|
| College Library | College Library | Filipiniana Section | 09/08/2020 | Library Fund | 10 | 36 | HF 5635 .M645 2018 | C22296 | 05/28/2025 | 05/14/2025 | 09/08/2020 | Books |